Herr der Ringe - Schauorte - Statistiken

Allgemein
  • Dieses Quiz wurde 105 mal gespielt
  • Das Durchschnittsergebnis liegt bei 14 aus 24
Antwortstatistiken
Hint Antwort % Korrekt
Heimat der Hobbits Das Auenland
99%
Dieses Land liebt Pferde sehr Rohan
97%
Saurons Reich Mordor
95%
Aragorn hat ein Recht auf den Thron dieses Landes Gondor
94%
Hauptstadt jenes Landes Minas Tirith
91%
Ehemaliges Zwergenreich, jetzt das Zuhause von einem Balrog Moria
88%
Elronds Haus Bruchtal
84%
Standort des Gasthauses zum tänzelnden Pony Bree
83%
Bedeutende Festung Rohans Helms Klamm
77%
Festung der Nazgûl Minas Morgul
71%
Saurons Festung Barad Dûr
70%
Bilbos und Frodos Hobbithöhle Beutelsend
69%
Sarumans Festung Isengart
69%
Reich von Galadriel und Celeborn Lothlórien
66%
ehemalige Hauptstadt, jetzt eine umkämpfte Ruine Osgiliath
63%
dessen Haupstadt Edoras
56%
Wüstenland, dessen Menschen Sauron dienen Harad
41%
dessen Hafenstadt Mithlond
31%
Zwei Statuen der ersten Könige von Gondor Argonath
23%
Wichtige Stadt der Korsaren Umbar
23%
Östliche Steppe, dessen Menschen Sauron dienen Rhûn
19%
Ruine an den Fällen des Rauros Amon Hen
14%
dessen wichtigste Stadt Caras Galadhon
10%
Wo die Elben nach Westen segeln Lindon
10%
Keine übereinstimmenden Quizze gefunden
Verteilung der Resultate
Anzahl Personen mit jedem Resultat
Perzentil nach korrekt beantworteten Fragen
Ihre Resultats-Entwicklung
Sie haben dieses Quiz noch nicht gespielt